Cuentos de hadas de los hermanos Grimm (Registro nro. 22065)

Detalles MARC
000 -Cabecera
Campo de control interno 00877nam a2200265Ia 4500
005 - Fecha y hora del registro
control field 20260320113339.0
008 - Elementos de Longitud Fija
fixed length control field 260320s9999||||xx |||||||||||||| ||und||
020 ## - ISBN
ISBN 9789583062377
041 ## - Idioma
Codigo Idioma ESP
082 ## - DEWEY y NOTACIÓN INTERNA
Dewey 833
Notación Interna G81
100 ## - AUTOR
Autor denominación Grimm, Wilhelm Karl,
Término de relación autor
245 #0 - TÍTULO DE MATERIAL BIBLIOGRÁFICO
Título Cuentos de hadas de los hermanos Grimm
Título paralelo
246 ## - TÍTULO TRADUCIDO
Título
Título paralelo
Autor
250 ## - EDICIÓN
Edición Primera edición. Primera reimpresión
260 ## - CIUDAD, EDITORIAL, AÑO
Ciudad Bogotá :
Nombre de la Editorial Panamericana Editorial,
Año 2022
300 ## - DESCRIPCIÓN
N° Páginas 161 páginas :
Otros detalles ilustraciones ;
Dimensiones 29 cm.
Material Adicional
440 ## - MENCIÓN DE SERIE
Título de la Serie
Número de Serie
Volumen de Serie
650 ## - TEMAS
Temas Lenguas
653 ## - DESCRIPTORES
Lenguajes no controlado Literatura alemana; Cuentos infantiles alemanes; Cuentos de hadas
654 ## - PROGRAMAS
Programa Dpto. de Humanidades
700 ## - OTROS AUTORES
Otros autores Gina, Orozco,
Títulos y otras palabras asociadas con el nombre traductor
856 ## - URL - UBICACIÓN
URI/URL: Enlace exacto del recurso <a href="https://0u20fpnh6-y-https-research-ebsco-com.itmsp.museknowledge.com/c/qxo6us/search">https://0u20fpnh6-y-https-research-ebsco-com.itmsp.museknowledge.com/c/qxo6us/search</a>
Nota pública: Versión digital <a href="Véase además: Base de datos EBSCOhost">Véase además: Base de datos EBSCOhost</a>
942 ## - ELEMENTOS DE KOHA
Tipo de documento Libro
Nombre del creador Justo Noguera
Código de catalogador Margarita Torres
Esquema de clasificación Dewey Decimal Classification
Suppress in OPAC
Existencias
Codigo completo Registro Colección Copia número Disponibilidad Tipo de préstamo Biblioteca Actual Procedencia (Biblioteca) Ubicacón Fecha Ingreso Tipo de Adquisición Observación Date last seen Total checkouts Price effective from Tipo de Item Estado del Material Fuente de Clasificación Damaged status Withdrawn status
833 G81 1087480 Universidad Católica San Pablo 1 Disponible Disponible Víctor Andrés Belaunde Víctor Andrés Belaunde Planta baja abierta 10/03/2026 Compra Educación 20/03/2026   20/03/2026 Libro Bueno Dewey Decimal Classification